000 00447pab a2200157 454500
008 180718b2008 xxu||||| |||| 00| 0 eng d
100 _aAssuncao, Juliano
245 _aRural organization and land reform in Brazil: the role of nonagricultural benefits of landholding
260 _c2008
300 _ap.851-70.
362 _aJul
650 _aLand reform
773 _aEconomic Development and Cultural Change
908 _aN
909 _a79007
999 _c79007
_d79007